Countries with more phones than people Quiz Stats

 Plays Quiz not verified by Sporcle

Challenge
Share
Tweet
Embed
Score 0/40 Timer 06:00
0 Plays Today
Percentage of Population Country % Correct
118United Kingdom
86.1%
121Spain
83.9%
114Denmark
80%
134Italy
78.9%
112Norway
78.9%
115Sweden
78.3%
116Finland
77.8%
120Ireland
77.2%
107Switzerland
76.1%
126Portugal
74.4%
126Luxembourg
74.4%
115Iceland
73.9%
112Greece
73.3%
128Germany
72.2%
104Australia
72.2%
106Netherlands
71.7%
120Russia
71.1%
104New Zealand
71.1%
107Poland
68.3%
171United Arab Emirates
67.2%
Percentage of Population Country % Correct
119Austria
66.7%
122Israel
66.1%
151Estonia
65%
128Czech Republic
63.9%
126Singapore
63.9%
111Slovakia
63.9%
139Qatar
63.3%
119Ukraine
63.3%
137Lithuania
60.6%
103Saudi Arabia
59.1%
112Croatia
56.7%
103Romania
55.8%
111Hungary
55.6%
111Kuwait
55.6%
106Taiwan
55%
157Bahrain
53.3%
135Bulgaria
53.3%
100Argentina
37%
123The Bahamas
33.9%
132Antigua and Barbuda
17.8%

You're not logged in!

Compare scores with friends on all Sporcle quizzes.
Join for Free
OR
Log In

You Might Also Like...

Show Comments

Extras

Top Quizzes Today


Score Distribution

Your Account Isn't Verified!

In order to create a playlist on Sporcle, you need to verify the email address you used during registration. Go to your Sporcle Settings to finish the process.

Report this User

Report this user for behavior that violates our Community Guidelines.

Details: